000 00416nam a2200169Ia 4500
005 20240403045732.0
008 240331s9999 xx 000 0 und d
020 _a955580009X
082 _bSRI
_a328
100 _aICES
245 0 _aSri Lanka :
_bthe devolution debate
250 _a1 st
260 _aColombo :
_bInternational Center for Ethnic Studies /
_c
300 _a231 p .,
650 _aLaw
942 _cL
999 _c2562
_d2562